00847nam a22002177a 4500999001900000005001700019010001500036020002600051035001500077037001400092082001400106100002400120245005600144260005400200270008900254300004400343500006000387700002800447942002800475952012600503 c159380d15938020211006111814.0 aENG-124541 c325.00a9789352807581 a EN-108073 bDBAD/PUB. a320.80954 aChakrabarty, Bidyut aLocal governance in india /cby Bidyut Chakrabarty  aNew DelhibSage Publications India Pvt. Ltd.c201 aB1/I-1, Mohan Cooperative Industrial Area Mathura Road Post Bag 7bNew Delhie110044 axxix,214p., C-1, B-1, I-1p.c25cm.(pbk) aIt includes conclusion, bibliographical notes and index a Pandey, Rajendra Kumar 2ddccENmCHAh320.80954 001040718NFICaDBADbBNd2018-12-15eDBAD/PUBg325.00l0o320.80954 CHApEN-108073r2018-12-15 00:00:00t1v325.00yEN